000 01032naa a22002777a 4500
001 BR8705846
003 BR-BrBNA
005 20250721154525.0
007 ta
008 250630b bl.|||m| |||| 00| 0 por d
040 _aBR-BrBNA
_bpor
_cBiblioteca Nacional de Agricultura
041 _a(Pt)
072 _aE13; E14
090 _aE13 BR8705846
100 1 _aMello Junior, A.
111 1 _a1. Seminario Agropecuario do Acre
_cRio Branco, AC (Brazil)
_d13-17 Jun 1983
245 1 _aAtuacao do BASA no setor agropecuario
500 _a1. Seminario Agropecuario do Acre. Anais Rio Branco, AC (Brasil): 1983. p. 445-479 (BR8705846-AMS)
773 0 _t1. Seminario Agropecuario do Acre. Anais
_wE13 BR8705846
_gRio Branco, AC (Brasil), 1983. p. 445-479
650 _aCREDITO AGRICOLA
650 _aFINANCIAMENTO
650 _aDESENVOLVIMENTO AGRICOLA
490 _aDocumentos - Unidade de Execucao de Pesquisa de Ambito Estadual de Rio Branco (Brazil)
_vno. 4
942 _cAMS
_2AGRIS
909 _a202506
_bLúcia
_c55
_dLúcia Elande
999 _c335341
_d335341